Foods, suds and water policy (Record no. 81423)

MARC details
000 -LEADER
fixed length control field 01024cab a22002055a 4500
001 - CONTROL NUMBER
control field L147193
008 - FIXED-LENGTH DATA ELEMENTS--GENERAL INFORMATION
fixed length control field 090408s2009 xxk f s 000 0 eng d
035 ## - SYSTEM CONTROL NUMBER
System control number (Sirsi) u147193
041 0# - LANGUAGE CODE
Language code of text/sound track or separate title eng
100 1# - MAIN ENTRY--PERSONAL NAME
Personal name Stephenson, Alex
245 00 - TITLE STATEMENT
Title Foods, suds and water policy
260 ## - PUBLICATION, DISTRIBUTION, ETC.
Date of publication, distribution, etc. 2009
490 #0 - SERIES STATEMENT
Series statement Building Engineer
Volume/sequential designation 84(4) April 2009, 24-25(2)
520 ## - SUMMARY, ETC.
Summary, etc. Recent evidence has shown that two thirds of floods in UK were the result of surface water flooding. This year, the government is expected to table a new Water and Floods Bill, based on DEFRA's long-term policy documents "Future Water Strategy for England" and "Making Space for Water", as well as Sir Michael Pitt's independent review of the floods and their causes (see L144150). The article details the proposals and recommendations of the reviews and the proposed Bill.
590 ## - LOCAL NOTE (RLIN)
Local note KA
650 24 - SUBJECT ADDED ENTRY--TOPICAL TERM
Topical term or geographic name entry element PITT REVIEW
651 #4 - SUBJECT ADDED ENTRY--GEOGRAPHIC NAME
Geographic name England and Wales
Chronological subdivision 1543-
690 ## - LOCAL SUBJECT ADDED ENTRY--TOPICAL TERM (OCLC, RLIN)
Topical term or geographic name as entry element ENVIRONMENTAL AND LAND CONSULTANCY-WATER RESOURCE MANAGEMENT-FLOODING
942 ## - ADDED ENTRY ELEMENTS (KOHA)
Suppress in OPAC 0
Holdings
Withdrawn status Lost status Source of classification or shelving scheme Damaged status Not for loan Home library Current library Shelving location Date acquired Total Checkouts Full call number Barcode Date last seen Copy number Price effective from Koha item type
    Dewey Decimal Classification     London London Journal article 14/04/2009   L147193 147193-1001 06/08/2019 1 06/08/2019 Journal article